000 00304 a2200133 4500
001 154095
040 _cEscola São Tomás de Aquino
100 _aSILVEIRA, Bueno
240 1 0 _aSilveira Bueno
_lpor
245 1 0 _aSilveira Bueno
362 0 _a2000
697 _aDicionário de português
942 _cMATP
999 _c154095
_d154095